|
|
|
|
| LEADER |
00592cam a2200145 7i4500 |
| 001 |
0000014367 |
| 005 |
20040828090000.0 |
| 090 |
0 |
0 |
|a M 382.6
|b MAL MAT 382.6 MAL
|
| 110 |
2 |
0 |
|a Malaysia External Trade Development Corporation (MATRADE)
|
| 245 |
0 |
0 |
|a MATRADE business handbook :
|b assistance programes for Malaysian exporters :
|b assistance programes for Malaysian exporters :
|b June 2003.
|
| 260 |
0 |
0 |
|a Kuala Lumpur:
|b Matrade,
|c 2003.
|
| 300 |
# |
# |
|a 19p.
|
| 650 |
0 |
0 |
|a Exporters --
|x Guidebooks --
|z Malaysia
|
| 651 |
0 |
0 |
|a Malaysia
|
| 999 |
|
|
|a 0000016183
|b Book
|c MATRADEs Collection
|e Business Information Centre
|